00620nam a2200205Ia 4500008004100000020001200041040001900053041001200072082002400084100001600108245005700124260003500181300002500216650001400241651001900255850001800274942000700292999001700299952009800316131103s9999 xx 000 0 und d cRs.3.00 aLoreto College aEnglish a915/SOCbLCBED/3961 aMukerji, K. aSocial studies b our state and country cK. Mukerji aNew DelhibChildren bookc1969 a86p.b ill.c 22 cm. aGeography aSocial Studies aLCBED/915/SOC cBK c29288d79767 00104070aMAINbMAINd2013-11-04l0o915/SOC LCBED/3961pB32135r2013-11-04w2013-11-04yBK